[Event "Canadian zt"]
[Site "Toronto"]
[Date "2024.03.31"]
[Round "7"]
[White "Marchand, Calix"]
[Black "Ajith, Aayush"]
[Result "1/2-1/2"]
[WhiteElo "1942"]
[BlackElo "1959"]
[PlyCount "115"]
[EventDate "2024.03.27"]
[EventType "team-swiss"]
[EventRounds "10"]
[EventCountry "CAN"]
[SourceTitle "CB15_2024"]
[SourceDate "2024.04.10"]
[SourceVersion "1"]
[SourceVersionDate "2024.04.10"]
[SourceQuality "1"]

1. e4 c5 2. c3 Nf6 3. e5 Nd5 4. Nf3 Nc6 5. Bc4 Nb6 6. Bb3 d5 7. exd6 Qxd6 8. 0-0 c4 9. Bc2 Bg4 10. Qe2 g6 11. b3 Bg7 12. bxc4 Bxf3 13. Qxf3 Nxc4 14. Qe4 Nb6 15. a4 0-0 16. a5 Nd7 17. Ba3 Qe5 18. a6 Qc7 19. axb7 Qxb7 20. Ba4 Ndb8 21. d4 Rd8 22. Nd2 Qd7 23. Rfb1 Qd5 24. Qe2 a6 25. Ne4 Na5 26. Bxe7 Rc8 27. Qf3 Nd7 28. Bxd7 Qxd7 29. Nd6 Rcb8 30. Qxf7+ Kh8 31. Re1 Nb7 32. Nxb7 Rxb7 33. Qf3 a5 34. Bc5 Qb5 35. h4 a4 36. h5 gxh5 37. Qe2 Qxe2 38. Rxe2 Rb3 39. Rea2 Rxc3 40. Rxa4 Rxa4 41. Rxa4 Kg8 42. Ra7 Rd3 43. Rd7 Rd1+ 44. Kh2 Be5+ 45. g3 h4 46. Bb6 hxg3+ 47. fxg3 Bf6 48. Kh3 h5 49. d5 Rd3 50. Bc7 Kf8 51. Rd6 Be7 52. Re6 Rxd5 53. Bf4 Kf7 54. Rh6 Bf8 55. Rc6 Be7 56. Rc7 Ke6 57. Rb7 Bf6 58. Rb1 1/2-1/2

[Event "North American-ch U20"]
[Site "Dulles"]
[Date "2023.12.21"]
[Round "5"]
[White "Sriniaiyer, Sudarshan"]
[Black "Ajith, Aayush"]
[Result "1-0"]
[WhiteElo "2142"]
[BlackElo "1932"]
[PlyCount "106"]
[EventDate "2023.12.19"]
[EventType "swiss"]
[EventRounds "9"]
[EventCountry "USA"]
[SourceTitle "CB52_2023"]
[SourceDate "2023.12.27"]
[SourceVersion "1"]
[SourceVersionDate "2023.12.27"]
[SourceQuality "1"]

1. d4 d5 2. c4 c6 3. Nc3 Nf6 4. e3 e6 5. Nf3 Nbd7 6. Qc2 Bd6 7. Bd3 dxc4 8. Bxc4 b5 9. Bd3 Bb7 10. 0-0 0-0 11. a3 a5 12. e4 b4 13. Na4 e5 14. dxe5 Bxe5 15. Nxe5 Nxe5 16. Be2 Ned7 17. Rd1 Qc7 18. Be3 Rfe8 19. f3 Ba6 20. Bxa6 Rxa6 21. Rac1 Qe5 22. Bd4 Qb5 23. axb4 axb4 24. b3 Ne5 25. Qd2 Raa8 26. Rc5 Qb8 27. Bxe5 Rxe5 28. Rxc6 Qa7+ 29. Qd4 Qxd4+ 30. Rxd4 Rb5 31. Rcc4 Rab8 32. Rc5 Kf8 33. g4 Rxc5 34. Nxc5 Rc8 35. Na4 Rb8 36. Kg2 Ke7 37. Nc5 Rb5 38. Nd3 h5 39. h3 hxg4 40. hxg4 Ke6 41. Rxb4 Ra5 42. Ra4 Rb5 43. Ra6+ Ke7 44. b4 Nd7 45. Ra7 Kd6 46. Kf2 g6 47. Ke3 Ke6 48. Nf4+ Kd6 49. Ra6+ Kc7 50. Nd5+ Kb7 51. Rd6 Ne5 52. Rf6 Kb8 53. Kd4 Nd7 1-0

[Event "World ol U16"]
[Site "Eindhoven"]
[Date "2023.08.16"]
[Round "6.14"]
[White "Ajith, Aayush"]
[Black "Bat, Bilguun"]
[Result "0-1"]
[WhiteElo "1905"]
[BlackElo "2299"]
[PlyCount "68"]
[EventDate "2023.08.13"]
[EventType "team-swiss"]
[EventRounds "9"]
[EventCountry "NED"]
[SourceTitle "CBM 215 Extra"]
[Source "ChessBase"]
[SourceDate "2023.09.30"]
[SourceVersion "1"]
[SourceVersionDate "2023.09.30"]
[SourceQuality "1"]
[WhiteTeam "Canada II"]
[BlackTeam "France"]
[WhiteTeamCountry "CAN"]
[BlackTeamCountry "FRA"]

1. d4 Nf6 2. c4 e6 3. Nc3 Bb4 4. Nf3 0-0 5. g3 d5 6. Bg2 dxc4 7. 0-0 Nc6 8. a3 Be7 9. Qa4 Nxd4 10. Nxd4 Qxd4 11. Be3 Qg4 12. Bf3 Qg6 13. Nb5 Nd5 14. Qxc4 c6 15. Nc3 Nxe3 16. fxe3 e5 17. b4 Be6 18. Qe4 Qxe4 19. Bxe4 f5 20. Bc2 Bg5 21. Kf2 Rac8 22. Rad1 c5 23. b5 e4 24. Rd6 Kf7 25. Rfd1 Ke7 26. b6 a6 27. Ba4 Rfd8 28. Rxd8 Rxd8 29. h4 Bf6 30. Nb1 Rxd1 31. Bxd1 Kd6 32. a4 Kc6 33. a5 Kb5 34. Nd2 Kxa5 0-1

[Event "Newmarket Aurora Fall op U2000"]
[Site "Newmarket"]
[Date "2018.10.21"]
[Round "5.4"]
[White "Ajith, Aayush"]
[Black "Moran Venegas, Mario"]
[Result "1-0"]
[WhiteElo "1734"]
[BlackElo "1670"]
[PlyCount "123"]
[EventDate "2018.10.20"]
[EventType "swiss"]
[EventRounds "5"]
[EventCountry "CAN"]
[SourceTitle "EXT 2022"]
[Source "ChessBase"]
[SourceDate "2021.10.06"]
[SourceVersion "1"]
[SourceVersionDate "2021.10.06"]
[SourceQuality "1"]

1. d4 Nf6 2. c4 g6 3. Nc3 d5 4. cxd5 Nxd5 5. e4 Nxc3 6. bxc3 Bg7 7. Bc4 0-0 8. Ne2 c5 9. Be3 Nc6 10. 0-0 cxd4 11. cxd4 Na5 12. Bd3 b6 13. Rc1 Bb7 14. f3 Qd7 15. Qd2 Rfc8 16. Rfd1 e6 17. e5 Rd8 18. Nc3 Rac8 19. Bb5 Bc6 20. Bxc6 Rxc6 21. d5 exd5 22. Nxd5 Rxc1 23. Qxc1 Qe6 24. Qd2 Rc8 25. f4 Bf8 26. Nf6+ Kg7 27. Qd7 Qxd7 28. Rxd7 Nc6 29. Nd5 Rd8 30. e6 Rxd7 31. exd7 Bc5 32. Bxc5 bxc5 33. Kf2 f5 34. Ke3 Kf7 35. Kd3 Ke6 36. Kc4 Kxd7 37. Kxc5 h6 38. Nf6+ Kc7 39. Ng8 h5 40. a3 Kd7 41. Nf6+ Kc7 42. Nh7 Ne7 43. Nf8 h4 44. Ne6+ Kd7 45. Ng5 Nc8 46. Nf3 h3 47. gxh3 Nd6 48. Ne5+ Ke6 49. Nxg6 Ne4+ 50. Kb5 Nf2 51. h4 Ng4 52. Ka6 Nxh2 53. Kxa7 Kf6 54. h5 Ng4 55. a4 Kg7 56. a5 Nf6 57. Ne7 Nxh5 58. Nd5 Kf7 59. a6 Ke6 60. Ne3 Nxf4 61. Kb8 Kd7 62. a7 1-0

[Event "Newmarket Aurora Fall op U2000"]
[Site "Newmarket"]
[Date "2018.10.20"]
[Round "1.2"]
[White "Ajith, Aayush"]
[Black "Sharma, Vishruth"]
[Result "1-0"]
[WhiteElo "1734"]
[BlackElo "1608"]
[PlyCount "57"]
[EventDate "2018.10.20"]
[EventType "swiss"]
[EventRounds "5"]
[EventCountry "CAN"]
[SourceTitle "EXT 2022"]
[Source "ChessBase"]
[SourceDate "2021.10.06"]
[SourceVersion "1"]
[SourceVersionDate "2021.10.06"]
[SourceQuality "1"]

1. d4 Nf6 2. c4 g6 3. Nc3 Bg7 4. Nf3 0-0 5. g3 c6 6. Bg2 d5 7. Ne5 e6 8. 0-0 Nbd7 9. f4 Nxe5 10. fxe5 Nd7 11. cxd5 cxd5 12. e4 Nb6 13. a4 dxe4 14. Nxe4 Nd5 15. Bg5 Qb6 16. Rf2 h6 17. Bc1 Rd8 18. Qf3 Rd7 19. Nd6 Rxd6 20. Qxf7+ Kh8 21. exd6 Bxd4 22. Qf8+ Kh7 23. Qxh6+ Kg8 24. Qxg6+ Kh8 25. Be4 Nf6 26. Kh1 Bxf2 27. Qxf6+ Kg8 28. Qg6+ Kf8 29. Bh6# 1-0

[Event "Markham op U2200"]
[Site "Markham"]
[Date "2018.10.06"]
[Round "2"]
[White "Lin, Benjamin1111"]
[Black "Ajith, Aayush"]
[Result "1-0"]
[WhiteElo "2035"]
[BlackElo "1922"]
[PlyCount "43"]
[EventDate "2018.10.05"]
[EventType "swiss"]
[EventRounds "5"]
[EventCountry "CAN"]
[SourceTitle "EXT 2022"]
[Source "ChessBase"]
[SourceDate "2021.10.06"]
[SourceVersion "1"]
[SourceVersionDate "2021.10.06"]
[SourceQuality "1"]

1. d4 Nf6 2. c4 g6 3. f3 d5 4. cxd5 Nxd5 5. e4 Nb6 6. Be3 Bg7 7. Nc3 0-0 8. Qd2 Nc6 9. Rd1 f5 10. e5 e6 11. h4 Ne7 12. Nh3 Nbd5 13. Bg5 Qe8 14. Bc4 Qc6 15. Bxd5 Nxd5 16. Nf4 Nxf4 17. Qxf4 Re8 18. h5 b6 19. hxg6 hxg6 20. Bh6 Qd7 21. Qg5 Qe7 22. Qxg6 1-0

[Event "Markham op U2200"]
[Site "Markham"]
[Date "2018.10.05"]
[Round "1"]
[White "Ajith, Aayush"]
[Black "Zeromskis, Egidijus"]
[Result "1/2-1/2"]
[WhiteElo "1922"]
[BlackElo "2153"]
[PlyCount "102"]
[EventDate "2018.10.05"]
[EventType "swiss"]
[EventRounds "5"]
[EventCountry "CAN"]
[SourceTitle "EXT 2022"]
[Source "ChessBase"]
[SourceDate "2021.10.06"]
[SourceVersion "1"]
[SourceVersionDate "2021.10.06"]
[SourceQuality "1"]

1. d4 d5 2. c4 e6 3. Nc3 Be7 4. Nf3 c6 5. Bf4 Nf6 6. e3 0-0 7. h3 Nbd7 8. Bd3 Re8 9. 0-0 Nf8 10. Qc2 Ng6 11. Bh2 Bd6 12. Bxd6 Qxd6 13. e4 dxe4 14. Nxe4 Nxe4 15. Bxe4 f5 16. Bd3 c5 17. d5 Rf8 18. dxe6 Bxe6 19. Rad1 Qe7 20. Rfe1 Qf6 21. Re3 Rad8 22. Rde1 Bc8 23. Ne5 Nf4 24. Rf3 Rd4 25. Qc1 Nxd3 26. Rxd3 Re4 27. Qc3 Rxe1+ 28. Qxe1 Re8 29. f4 b6 30. Qd2 Be6 31. Rd6 h6 32. b3 Qe7 33. Nc6 Qc7 34. Nd8 Bc8 35. Nc6 Be6 36. Ne5 Qb7 37. Rd8 Rxd8 38. Qxd8+ Kh7 39. Qe8 Bc8 40. Qc6 Qxc6 41. Nxc6 a6 42. Ne7 Bd7 43. Nd5 b5 44. Nb6 Bc6 45. cxb5 axb5 46. Kf2 Kg6 47. a4 c4 48. b4 c3 49. Ke3 bxa4 50. Kd3 Bxg2 51. Nxa4 Bxh3 1/2-1/2

[Event "CAN-ch U20 op"]
[Site "Toronto"]
[Date "2018.08.09"]
[Round "2.11"]
[White "Ajith, Aayush"]
[Black "Qiao, Joey"]
[Result "1-0"]
[WhiteElo "1934"]
[BlackElo "1742"]
[PlyCount "133"]
[EventDate "2018.08.08"]
[EventType "swiss"]
[EventRounds "9"]
[EventCountry "CAN"]
[SourceTitle "EXT 2022"]
[Source "ChessBase"]
[SourceDate "2021.10.06"]
[SourceVersion "1"]
[SourceVersionDate "2021.10.06"]
[SourceQuality "1"]

1. d4 d5 2. c4 e6 3. Nc3 Nf6 4. cxd5 exd5 5. Bg5 Be7 6. e3 c6 7. Bd3 Be6 8. Nf3 Nbd7 9. 0-0 0-0 10. Qc2 h6 11. Bh4 Qc7 12. Rab1 a5 13. a3 Rac8 14. Rfc1 c5 15. dxc5 Bxc5 16. Qd2 Qd6 17. Nb5 Qb6 18. Nfd4 Ne4 19. Bxe4 dxe4 20. Nxe6 Qxe6 21. Nd4 Qd5 22. Rd1 Ne5 23. b4 axb4 24. axb4 Bb6 25. Nf5 Nf3+ 26. gxf3 Qxf5 27. fxe4 Qxe4 28. Bg3 Rfd8 29. Qb2 h5 30. Qe5 Qxe5 31. Bxe5 f6 32. Bd6 Kf7 33. Bc5 Bc7 34. Ra1 Rxd1+ 35. Rxd1 Ke6 36. Bd4 Bd6 37. b5 Ra8 38. b6 Ra6 39. Rc1 Ra8 40. Kg2 g6 41. h3 Ke7 42. Kf3 Ke6 43. Ke4 Bh2 44. f4 Bg3 45. Rc7 Rb8 46. Rg7 h4 47. Rxg6 Rf8 48. f5+ Ke7 49. Rg7+ Rf7 50. Bc5+ Ke8 51. Rg8+ Kd7 52. Kd5 Be5 53. Rg4 Bg3 54. Re4 Rh7 55. Re6 Be5 56. Bd4 Bxd4 57. Kxd4 Rf7 58. Kd5 Rf8 59. Re4 Rh8 60. Rg4 Rh7 61. Rg6 Ke7 62. Rg8 Rh5 63. e4 Kd7 64. Rg7+ Kc8 65. Rc7+ Kb8 66. Rf7 Rh6 67. Rf8# 1-0